000 00337 a2200157 4500
001 158976
020 _a
040 _cMagnum
100 _aMurgel Branco, Samuel
240 1 0 _aNatureza e agroquimicos
_lpor
245 1 0 _aNatureza e agroquimicos
362 0 _a1899
440 1 _aModerna
697 _aMAGNITO: COLECAO
942 _cBK
999 _c158976
_d158976